00481nam a2200193Ia 4500008004100000020001800041050001400059100002600073245002700099245002900126260001500155260001600170260000900186300001500195300002700210300001000237300003200247500000800279170918s9999 xx 000 0 und d a9780545060745 bM381 2009 aMartin, Justin McCory aReally cool reptiles / cby Justin McCory Martin. aNew York : bScholastic, c2009 a16 pages : bcolored illustration ; c23cm. eScience vocabulary readers. a500